LEADER 01305nam a2200289 4500 001 000000363993 003 CaOOAMICUS 005 20250825112049.0 008 250825s1871 it 000 u ita r 040 $aSeMil$bita 100 1 $aBanim, Giovanni.$0(OLS)http://semarc/name/122618 245 10$aCornelio della scure, o I figliuoli bianchi :$bromanzo storico /$cdi Banim. 264 1$aMilano :$bE. Savallo,$c1871. 300 $a3 v. (223, 224, 191 p.) ;$c12 cm 490 1 $aBiblioteca amena tascabile ;$v19-21 500 $aLegati insieme in un unico tomo 830 0$aBiblioteca amena tascabile ;$v19-21.$0(OLS)http://semarc/title/455334 850 $aSeMil 852 $aSeMil$W1$xVenegono$y1$m5E I 14 FA$j260801$pv. 1$B254868$CSeMilBibl$Z2$F254868 $8I 852 $aSeMil$W1$xVenegono$y1$m5E I 15 FA$j260802$pv. 2$B254869$CSeMilBibl$Z2$F254869 $8I 852 $aSeMil$W1$xVenegono$y1$m5E I 16 FA$j260803$pv. 3$B254870$CSeMilBibl$Z2$F254870 $8I 961 $aLegato con 5E I 15-16 FA 961 $aLegato con 5E I 14, 16 FA 961 $aLegato con 5E I 14-15 FA 996 $6245$aCornelio della scure, o I figliuoli bianchi :$bromanzo storico$9(OLS)http://semarc/title/455340 996 $6264$aMilano :$bE. Savallo$9(OLS)http://semarc/publisher/62509 LEADER 00881nam a2200229 i 4500 001 000000227118 003 CaOOAMICUS 005 20140213000000.0 008 140213s1978 it u000 u ita u 013 $a206020 040 $aSeMil$bita 100 1 $aFormis, Achille.$0(OLS)http://semarc/name/78760 245 13$aLa parete delle voci :$bpoesie /$cAchille Formis. 260 $aMilano :$bJaca Book,$c1978. 300 $a125 p. ;$c21 cm. 490 0 $aDi fronte e attraverso. Fiction ;$v8 830 0$aDi fronte e attraverso. Fiction ;$v8.$0(OLS)http://semarc/title/39634 850 $aSeMil 852 $aSeMil$W1$xVenegono$y1$m1A III 25$j177464$B177464$CSeMilBibl$Z2$F189298 $81 961 $aOmaggio: Ferrario mons. Emilio 996 $6245$aLa parete delle voci :$bpoesie$9(OLS)http://semarc/title/325125 996 $6260$aMilano :$bJaca Book$9(OLS)http://semarc/publisher/29781